Las ovejas de lala /

Guardado en:
Autor Principal: Rocha, Silvina
Otros Autores: Nobati, Eugenia; il.
Formato: Libro
Publicado: Buenos Aires : Del Naranjo, 2015
Series:Luna de Azafrán
Materias:
Etiquetas: Agregar Etiqueta
Sin Etiquetas, Sea el primero en etiquetar este registro!
LEADER 00886nam a22002535a 4500
001 CEM.cems015250
008 130507s2015##################000#0#####d
005 20240223145844.0
245 1 0 |a Las ovejas de lala /  |c Silvina Rocha ; ilustrado Por Eugenia Nobati 
260 |a Buenos Aires :  |b Del Naranjo,  |c 2015 
300 |a 32 p. 
490 0 |a Luna de Azafrán 
020 |a 9789873854132 
100 1 |a Rocha, Silvina 
700 1 |a Nobati, Eugenia; il. 
082 0 4 |a A868.4 
653 |a Literatura 
653 |a Literatura argentina 
653 |a Literatura infantil 
653 |a Cuentos infantiles 
653 |a Colección ciencias de la educación 
859 |a CEMS  |b BIB. CEMS - Inicial y Primaria  |h A868.4  |i R582  |k IP  |p 3851  |t Ej.1 
859 |a CEMS  |b BIB. CEMS - Ccias. Educacion  |h A868.4  |i R582-1  |k CE  |p 28458.19  |t Ej.1 
859 |a CEMS  |b BIB. CEMS - Inicial y Primaria  |h A868.4  |i R582  |k IP  |p 5902  |t Ej.2